Musical Super-Stars By Country - Statistics

General Stats
  • This quiz has been taken 20 times
  • The average score is 14 of 16
Answer Stats
Hint Answer % Correct
Daft Punk France
100%
U2 Ireland
100%
BTS South Korea
100%
ABBA Sweden
100%
Queen United Kingdom
100%
Bob Marley Jamaica
95%
AC/DC Australia
90%
Rush Canada
90%
Shakira Colombia
90%
Hans Zimmer Germany
90%
Rihanna Barbados
85%
Peso Pluma Mexico
80%
A-ha Norway
75%
Rosalia Spain
75%
Maneskin Italy
70%
Tyla South Africa
25%
No matching quizzes found
Score Distribution
Percent of People with Each Score
Percentile by Number Answered
Your Score History
You have not taken this quiz